Innovations : A course in natural English : Teacher's book

Na minha lista:
Detalhes bibliográficos
Formato: Livro
Idioma:Undetermined
Publicado em: London, UK Thomson Heilne 2004
Assuntos:
Tags: Adicionar Tag
Sem tags, seja o primeiro a adicionar uma tag!
Thư viện lưu trữ: Trung tâm Học liệu Trường Đại học Cần Thơ
LEADER 00579nam a2200205Ia 4500
001 CTU_94748
008 210402s9999 xx 000 0 und d
020 |c 263000 
082 |a 428.0071 
082 |b I.58ut 
245 0 |a Innovations : 
245 2 |b A course in natural English : Teacher's book 
245 0 |c Hugh Dellar ... [et al.] 
260 |a London, UK 
260 |b Thomson Heilne 
260 |c 2004 
650 |a English language,English language 
650 |x Study and teaching 
904 |i Huỳnh Mai 
980 |a Trung tâm Học liệu Trường Đại học Cần Thơ